000
00359nam a2200133Ia 4500
008
100328s9999 xx 000 0 und d
082
_b
37618
100
_a
जोधळे महावीर
245
_a
आत्मस्वर
260
_b
अनुपम
630
_a
आत्मस्वर
730
_a
आत्मस्वर
942
_c
BOOK
999
_c
527009
_d
527006